Povlakovanie nástrojov.

Uložené v:
Podrobná bibliografia
Médium: Firemný prospekt
Jazyk:Slovak
Vydané: [2009].
Vydanie:1. vyd.
Témy:
On-line prístup:http://www.povlakovanie.sk
Fyzický popis: zlož. l.
Tagy: Pridať tag
Žiadne tagy, Buďte prvý kto otaguje tento záznam!

MARC

LEADER 00000nam#a22000003a#4500
001 000350121
003 SVKKK
005 20090713102555.0
008 090713s2009 xo |||| 0 slo#d
040 |a SVK  |b slo  |c SVK  |e AACR2 
041 0 # |a slo 
044 |a xo  |c SK 
080 |a 621.7.029  |2 2001 
110 2 |a STATON, s. r. o.  |c Sadová 1148, 038 53 Turany  |4 mfr 
245 1 0 |a Povlakovanie nástrojov. 
250 |a 1. vyd. 
260 # |c [2009]. 
300 |a zlož. l. 
655 7 |a firemné prospekty  |2 SNKPH 
856 4 1 |u http://www.povlakovanie.sk 
910 |a svkkk 
998 |a FL 
090 |g SCKHL  |k Sklad Pribinova suterén  |a 621.7.029  |j 218979  |i B159058  |s Firemná-2týždne